000 00789nam a22002057a 4500
999 _c167342
_d167342
005 20190828151400.0
010 _aENG-126357
020 _c379.00
_a978-93-534-3019-1
035 _aEN-109889
037 _bDBAD/PUB
082 _a658.87
100 _aHemann, Chuck
245 _aDigital Marketing Analytics:
_cby Chuck Hemann [and] Ken Burbary
_bMaking Sense of Consumer Data in a Digital World/
260 _aU.P.
_bPearson India Education Services
_c2019
270 _bNoida
_e201301
_a15th Floor,Tower-B,World Trade Tower,Plot No.1,Block-C,Sector 16
_k080-30461060
_l080-30461003
_mcompanysecretary.india@pearson.com
300 _axiv252p.
_c22cm(pbk)
_bill.
500 _aIncludes index and bibliography.
700 _aBurbary,Ken
942 _2ddc
_cEN
_h658.87
_mHEM